| 000 | 00593nam a22001937a 4500 | ||
|---|---|---|---|
| 003 | OSt | ||
| 005 | 20140310181713.0 | ||
| 008 | 121211t xxu||||| |||| 00| 0 eng d | ||
| 020 | _a9715691978 | ||
| 050 |
_aQH 541 _b.C166 1997 |
||
| 082 |
_aFIL 583.42 _bC138 1997 |
||
| 100 | _aCalumpong, Hilconida P. | ||
| 245 |
_aField guide to the common mangroves, seagrasses and algae of the Philippines / _cHilconida P. Calumpong, Ernani G. Menez. |
||
| 260 |
_aMakati City : _b Bookmark, _c1997. |
||
| 300 |
_a197 p. : _b ill.(col.) ; _c19 cm. |
||
| 562 | _e1 | ||
| 942 |
_2lcc _cBK |
||
| 999 |
_c1658 _d1658 |
||